[Event "Mercredi 2010.02.17 ABCD"]
[Site "Montreal CAN"]
[Date "2010.02.17"]
[Round "1"]
[White "Dubois, Laurent"]
[Black "Lescarbeau, Martin"]
[Result "0-1"]
[WhiteElo "1517"]
[BlackElo "1507"]
[PlyCount "110"]
[EventDate "2010.02.17"]
[EventType "tourn"]
[EventRounds "5"]
[EventCountry "CAN"]

1. e4 c5 2. Nf3 d6 3. Nc3 Nc6 4. d4 cxd4 5. Nxd4 e5 6. Nf3 a6 7. Bc4 Nge7 8.
Ng5 d5 9. exd5 Na5 10. Bd3 Nxd5 11. Qf3 Nf6 12. Nce4 Be7 13. Nxf6+ Bxf6 14. Ne4
Be7 15. Qg3 O-O 16. Bh6 Bf6 17. Nxf6+ Qxf6 18. Bg5 Qe6 19. Qh4 h6 20. Bd2 Nc6
21. O-O Qg4 22. Qxg4 Bxg4 23. f4 Rae8 24. Rae1 exf4 25. Rxe8 Rxe8 26. Rxf4 Be2
27. Bxe2 Rxe2 28. Rf2 Rxf2 29. Kxf2 f5 30. Ke3 Kf7 31. c4 Ke6 32. Bc3 g5 33. b4
h5 34. a4 Ne7 35. b5 f4+ 36. Ke4 Nf5 37. bxa6 bxa6 38. c5 Ne3 39. Bd4 Nxg2 40.
c6 Kd6 41. Kf5 Nh4+ 42. Ke4 Kxc6 43. Bf6 f3 44. Ke3 Nf5+ 45. Kxf3 g4+ 46. Kf4
Nd6 47. Ba1 Kd5 48. Kg5 Ke4 49. Kxh5 Kf3 50. a5 Kf4 51. Kh4 Nf7 52. Bc3 Nd6 53.
Bd2+ Kf3 54. Bc3 Nf5+ 55. Kg5 Ne3 0-1

[Event "Mercredi 2010.02.17 ABCD"]
[Site "Montreal CAN"]
[Date "2010.02.17"]
[Round "1"]
[White "Gagnon, Serge"]
[Black "Lange, David"]
[Result "1/2-1/2"]
[WhiteElo "1967"]
[BlackElo "1979"]
[PlyCount "123"]
[EventDate "2010.02.17"]
[EventType "tourn"]
[EventRounds "5"]
[EventCountry "CAN"]

1. d4 d5 2. c4 c6 3. Nf3 Nf6 4. Nc3 g6 5. e3 Bg7 6. Bd3 O-O 7. O-O Nbd7 8. cxd5
cxd5 9. Qb3 e6 10. Na4 b6 11. Bd2 Bb7 12. Rac1 Rc8 13. Bb4 Re8 14. Rc3 Rxc3 15.
Nxc3 a6 16. Qa3 b5 17. Ba5 Qb8 18. Qb3 Bc6 19. Ne2 Rc8 20. Rc1 Ne8 21. Qd1 Nd6
22. b3 Nb7 23. Qd2 Nxa5 24. Qxa5 Qb6 25. Qxb6 Nxb6 26. Ne5 Bxe5 27. dxe5 Bd7
28. Rxc8+ Bxc8 29. Nd4 Bb7 30. f4 Nd7 31. Kf2 Nc5 32. Ke2 Kf8 33. g4 Ke7 34. g5
Kf8 35. h4 Kg7 36. Bc2 h5 37. b4 Nd7 38. a4 bxa4 39. Bxa4 Nb6 40. Bc6 Bc8 41.
Kd3 Kf8 42. Nb3 Ke7 43. Kd4 Bd7 44. Bxd7 Kxd7 45. e4 dxe4 46. Nc5+ Kc6 47. Nxa6
Kb5 48. Nc5 Nd5 49. Kxe4 Kxb4 50. Nb7 Ne7 51. Nd6 Nf5 52. Nxf7 Nxh4 53. Nd8 Nf5
54. Kf3 Nd4+ 55. Kg3 Kc5 56. Nf7 Kd5 57. Nh8 Nf5+ 58. Kf3 Ne7 59. Nf7 Kc6 60.
Nd6 Kd7 61. Ne4 Nf5 62. Nf6+ 1/2-1/2

[Event "Mercredi 2010.02.17 ABCD"]
[Site "Montreal CAN"]
[Date "2010.02.17"]
[Round "1"]
[White "Gauthier, Luc"]
[Black "Keane-McCarney, Eamon"]
[Result "1-0"]
[WhiteElo "1654"]
[BlackElo "1638"]
[PlyCount "39"]
[EventDate "2010.02.17"]
[EventType "tourn"]
[EventRounds "5"]
[EventCountry "CAN"]

1. e4 c5 2. Nc3 Nc6 3. f4 d6 4. Nf3 Nf6 5. Bb5 Bd7 6. Bxc6 Bxc6 7. d3 g6 8. O-O
Bg7 9. Qe1 O-O 10. Qh4 c4 11. f5 gxf5 12. Bh6 Bxh6 13. Qxh6 Qb6+ 14. Kh1 fxe4
15. Ng5 Qxb2 16. Rad1 e3 17. Rxf6 Bxg2+ 18. Kg1 Be4 19. dxe4 exf6 20. Qxh7# 1-0

[Event "Mercredi 2010.02.17 ABCD"]
[Site "Montreal CAN"]
[Date "2010.02.17"]
[Round "1"]
[White "Khudaverdian, Berj"]
[Black "Zroud, Hicham"]
[Result "0-1"]
[WhiteElo "1802"]
[BlackElo "1731"]
[PlyCount "72"]
[EventDate "2010.02.17"]
[EventType "tourn"]
[EventRounds "5"]
[EventCountry "CAN"]

1. e4 e5 2. Nc3 Nf6 3. Bb5 a6 4. Ba4 Be7 5. Nf3 b5 6. Bb3 d6 7. d3 Nc6 8. Be3
Na5 9. O-O Nxb3 10. axb3 O-O 11. Nxb5 Bb7 12. Nc3 Ng4 13. Qd2 f5 14. Nd5 Bxd5
15. exd5 f4 16. Bd4 exd4 17. Nxd4 Qd7 18. Ne6 Rf5 19. c4 Bf6 20. h3 Nh6 21. d4
c6 22. Nxf4 Bg5 23. dxc6 Qxc6 24. d5 Qb7 25. g3 Bxf4 26. gxf4 Qxb3 27. Qe3 Qxc4
28. Qe6+ Kh8 29. Rac1 Qxf4 30. Rc3 Re5 31. Qd7 Rxd5 32. Rfc1 Rf8 33. R3c2 Rd2
34. Qa7 Qg5+ 35. Kh2 Rfxf2+ 36. Qxf2 Rxf2+ 0-1

[Event "Mercredi 2010.02.17 ABCD"]
[Site "Montreal CAN"]
[Date "2010.02.17"]
[Round "1"]
[White "Leveille, Francois"]
[Black "Dumont, Felix"]
[Result "1-0"]
[WhiteElo "2308"]
[BlackElo "2007"]
[PlyCount "71"]
[EventDate "2010.02.17"]
[EventType "tourn"]
[EventRounds "5"]
[EventCountry "CAN"]

1. Nf3 Nf6 2. c4 g6 3. Nc3 Bg7 4. d4 O-O 5. e4 d6 6. Be2 e5 7. dxe5 dxe5 8.
Qxd8 Rxd8 9. Bg5 Re8 10. Nd5 Nxd5 11. cxd5 c6 12. Bc4 cxd5 13. Bxd5 Nd7 14. Nd2
Nb6 15. Bb3 Be6 16. Bxe6 Rxe6 17. Ke2 Rc8 18. Rhc1 Rec6 19. Rxc6 Rxc6 20. Be3
Kf8 21. b3 Ke7 22. a4 Nc8 23. Nc4 f5 24. f3 Nd6 25. Kd3 Nxc4 26. bxc4 Ra6 27.
Kc3 Kd6 28. Kb3 Kc6 29. Rd1 Bf6 30. Rd5 b6 31. Bd2 Be7 32. exf5 gxf5 33. Rxe5
Bd6 34. Rxf5 Bxh2 35. Rf6+ Kc5 36. Be3# 1-0

[Event "Mercredi 2010.02.17 ABCD"]
[Site "Montreal CAN"]
[Date "2010.02.23"]
[Round "1"]
[White "Messier, Samuel"]
[Black "Millette, Sylvain"]
[Result "1-0"]
[WhiteElo "1587"]
[BlackElo "1605"]
[PlyCount "49"]
[EventDate "2010.02.17"]
[EventType "tourn"]
[EventRounds "5"]
[EventCountry "CAN"]

1. e4 Nf6 2. e5 Nd5 3. d4 d6 4. c4 Nb6 5. f4 dxe5 6. fxe5 c5 7. d5 e6 8. Nc3
exd5 9. cxd5 c4 10. d6 a6 11. Nf3 Bg4 12. h3 Bxf3 13. Qxf3 Nc6 14. Bf4 Qd7 15.
Nd5 Nxd5 16. Qxd5 b5 17. Be2 h5 18. O-O Rc8 19. a4 Nb4 20. Qd2 Nd3 21. Bxd3
cxd3 22. Qxd3 g6 23. axb5 axb5 24. Be3 Bg7 25. Ra7 1-0

[Event "Mercredi 2010.02.17 ABCD"]
[Site "Montreal CAN"]
[Date "2010.02.17"]
[Round "1"]
[White "Pozdnyakov, Alexander"]
[Black "Le Bas, Nicolas"]
[Result "1-0"]
[WhiteElo "1669"]
[BlackElo "1636"]
[PlyCount "55"]
[EventDate "2010.02.17"]
[EventType "tourn"]
[EventRounds "5"]
[EventCountry "CAN"]

1. e4 e5 2. Bc4 Nf6 3. d3 Bc5 4. Nc3 d6 5. f4 Ng4 6. f5 h5 7. Nh3 Qh4+ 8. Kf1
Nf2 9. Qe1 Nc6 10. Nxf2 Nd4 11. Bb3 Nxf5 12. exf5 Bxf5 13. Nce4 O-O-O 14. Bg5
Bxf2 15. Bxh4 Bxe1 16. Bxd8 Ba5 17. Bh4 f6 18. h3 g5 19. Be1 Bb6 20. Ke2 Rf8
21. Rf1 Bxe4 22. dxe4 c6 23. Bd2 g4 24. Bh6 Rh8 25. Rxf6 Kd7 26. Raf1 d5 27.
Rf7+ Kd6 28. Bf8+ 1-0

[Event "Mercredi 2010.02.17 ABCD"]
[Site "Montreal CAN"]
[Date "2010.02.17"]
[Round "1"]
[White "Pregent, Daniel"]
[Black "Levkovsky, Alexandre"]
[Result "1-0"]
[WhiteElo "1848"]
[BlackElo "2175"]
[PlyCount "107"]
[EventDate "2010.02.17"]
[EventType "tourn"]
[EventRounds "5"]
[EventCountry "CAN"]

1. d4 d5 2. c4 dxc4 3. Nf3 a6 4. e3 Bg4 5. Bxc4 e6 6. O-O Nf6 7. Qe2 Nc6 8. Rd1
Bd6 9. Nc3 Qe7 10. e4 e5 11. Bg5 Nxd4 12. Rxd4 exd4 13. Nd5 Nxd5 14. Bxe7 Nf4
15. Qd1 Bxe7 16. Bxf7+ Kf8 17. Bc4 b5 18. Bf1 c5 19. h3 Bh5 20. Rc1 Rd8 21. Qd2
g5 22. Ne5 Be8 23. Qa5 c4 24. Qxa6 d3 25. Rd1 Rd6 26. Qc8 Kg7 27. Qb7 Re6 28.
Qc7 Ng6 29. Nxg6 Bxg6 30. f3 Ra8 31. a3 Raa6 32. g3 Kh6 33. Bg2 Bd6 34. Qd8 Be8
35. Kh2 Be5 36. f4 gxf4 37. Qh4+ Kg7 38. gxf4 Bxb2 39. Qg5+ Kf8 40. e5 c3 41.
Qf5+ Kg7 42. Rxd3 Bg6 43. Rd7+ Kg8 44. Qg5 c2 45. Qh6 Bf7 46. Rd8+ Re8 47.
Rxe8+ Bxe8 48. Bd5+ Bf7 49. Bxf7+ Kxf7 50. Qxh7+ Ke6 51. Qxc2 Ra4 52. Qxb2 Rxf4
53. Qxb5 Re4 54. Qc6+ 1-0

[Event "Mercredi 2010.02.17 ABCD"]
[Site "Montreal CAN"]
[Date "2010.02.24"]
[Round "2"]
[White "Baran, Marius"]
[Black "Pozdnyakov, Alexander"]
[Result "1-0"]
[WhiteElo "1701"]
[BlackElo "1669"]
[PlyCount "51"]
[EventDate "2010.02.17"]
[EventType "tourn"]
[EventRounds "5"]
[EventCountry "CAN"]

1. Nf3 d5 2. g3 Nf6 3. Bg2 e6 4. O-O Be7 5. b3 O-O 6. Bb2 c5 7. d4 cxd4 8. Nxd4
Nc6 9. Nxc6 bxc6 10. c4 a5 11. Nc3 Ba6 12. cxd5 cxd5 13. Qd4 Nd7 14. Nxd5 e5
15. Nxe7+ Qxe7 16. Qe3 Rac8 17. Rac1 f5 18. Rfd1 e4 19. Qa7 Bb5 20. Qxa5 Bxe2
21. Qd5+ Kh8 22. Qxd7 Rxc1 23. Bxc1 Qb4 24. Bb2 Rg8 25. Rc1 Bd3 26. Qxg7+ 1-0

[Event "Mercredi 2010.02.17 ABCD"]
[Site "Montreal CAN"]
[Date "2010.02.24"]
[Round "2"]
[White "Bergeron, Rene"]
[Black "Messier, Samuel"]
[Result "0-1"]
[WhiteElo "1618"]
[BlackElo "1587"]
[PlyCount "98"]
[EventDate "2010.02.17"]
[EventType "tourn"]
[EventRounds "5"]
[EventCountry "CAN"]

1. c4 Nf6 2. Nc3 e6 3. e4 d5 4. cxd5 exd5 5. exd5 Nxd5 6. Nf3 Be7 7. Bc4 Be6 8.
Qb3 Nf4 9. O-O Bxc4 10. Qxc4 Ne6 11. Qb5+ Nd7 12. Qxb7 O-O 13. d4 Nf6 14. Rd1
Qd6 15. Ne4 Nxe4 16. Qxe4 Bf6 17. Be3 Rab8 18. Rab1 Rfd8 19. d5 Rxb2 20. Rxb2
Bxb2 21. Qc2 Bf6 22. Bxa7 c6 23. Bb6 Rd7 24. a4 cxd5 25. a5 h6 26. h3 d4 27.
Qd3 Nf4 28. Qe4 d3 29. Qe8+ Kh7 30. Qe4+ Kh8 31. Qe8+ Kh7 32. Qe4+ g6 33. Be3
Ne2+ 34. Kh1 Nc3 35. Rxd3 Qxd3 36. Qc6 Qd1+ 37. Kh2 Qd6+ 38. Qxd6 Rxd6 39. Bc5
Ra6 40. Bb6 Nd5 41. Bd4 Bxd4 42. Nxd4 Rxa5 43. Kg3 Ra3+ 44. Nf3 f5 45. Kh2 Ra2
46. Kg1 Nf6 47. Nh4 Ne4 48. f3 Ng3 49. Kh2 f4 0-1

[Event "Mercredi 2010.02.17 ABCD"]
[Site "Montreal CAN"]
[Date "2010.02.24"]
[Round "2"]
[White "Gagnon, Serge"]
[Black "Pregent, Daniel"]
[Result "1-0"]
[WhiteElo "1967"]
[BlackElo "1848"]
[PlyCount "109"]
[EventDate "2010.02.17"]
[EventType "tourn"]
[EventRounds "5"]
[EventCountry "CAN"]

1. d4 Nf6 2. c4 e6 3. Nc3 Bb4 4. Qc2 O-O 5. a3 Bxc3+ 6. Qxc3 b6 7. Nf3 Bb7 8.
g3 c5 9. dxc5 Ne4 10. Qc2 Nxc5 11. Bg2 Be4 12. Qc3 d5 13. O-O a5 14. Be3 Nbd7
15. b4 Na4 16. Qb3 axb4 17. axb4 dxc4 18. Qxc4 Bd5 19. Qc2 b5 20. Ng5 g6 21.
Bxd5 exd5 22. Qd3 Ne5 23. Qxb5 Nc3 24. Qb6 Nxe2+ 25. Kg2 d4 26. Qxd8 Rfxd8 27.
Rxa8 Rxa8 28. Re1 d3 29. Nf3 f6 30. Nxe5 fxe5 31. Rd1 e4 32. f3 Nc3 33. Rd2 Nd5
34. Bc5 e3 35. Rxd3 Ra2+ 36. Kf1 Ra1+ 37. Ke2 Ra2+ 38. Ke1 Nxb4 39. Bxb4 Rxh2
40. Rxe3 Kf7 41. Re2 Rh5 42. Kf2 Rb5 43. Bc3 h5 44. Re5 Rb3 45. Rc5 Rb6 46. Ke3
Re6+ 47. Kf4 Ra6 48. Rc7+ Ke6 49. Kg5 Kd5 50. Rd7+ Kc4 51. Be5 Re6 52. f4 Kc5
53. Rd6 Rxd6 54. Bxd6+ Kxd6 55. Kxg6 1-0

[Event "Mercredi 2010.02.17 ABCD"]
[Site "Montreal CAN"]
[Date "2010.02.24"]
[Round "2"]
[White "Gates, Claude-Eric"]
[Black "Lange, Holger"]
[Result "1-0"]
[WhiteElo "1706"]
[BlackElo "1746"]
[PlyCount "81"]
[EventDate "2010.02.17"]
[EventType "tourn"]
[EventRounds "5"]
[EventCountry "CAN"]

1. c4 e5 2. g3 Nc6 3. Bg2 g6 4. Nc3 Bg7 5. e4 Nge7 6. Nge2 O-O 7. O-O d6 8. d3
Be6 9. Nd5 Qd7 10. Be3 f5 11. Qd2 Rf7 12. b4 Raf8 13. b5 Nd8 14. a4 Nc8 15.
Rad1 c6 16. Ndc3 Qc7 17. Qc1 Rd7 18. exf5 gxf5 19. f4 d5 20. cxd5 cxd5 21. Nxd5
Qxc1 22. Rxc1 Bxd5 23. Rxc8 Bxg2 24. Kxg2 Rxd3 25. Bc5 Re8 26. fxe5 Rxe5 27.
Nf4 Rd2+ 28. Rf2 Rd7 29. Bxa7 Kf7 30. Rc4 Re1 31. Nh5 Kg6 32. Nxg7 Rxg7 33. Bb8
Ne6 34. a5 Rb1 35. Be5 Rd7 36. b6 Rd5 37. Re2 Kf7 38. Rh4 Kg6 39. Bc3 Ng5 40.
Re7 Rd3 41. Rg7# 1-0

[Event "Mercredi 2010.02.17 ABCD"]
[Site "Montreal CAN"]
[Date "2010.02.24"]
[Round "2"]
[White "Guindon, Alex"]
[Black "Lescarbeau, Martin"]
[Result "0-1"]
[WhiteElo "1485"]
[BlackElo "1507"]
[PlyCount "78"]
[EventDate "2010.02.17"]
[EventType "tourn"]
[EventRounds "5"]
[EventCountry "CAN"]

1. d4 Nf6 2. Nf3 g6 3. Bf4 Bg7 4. e3 d6 5. Bd3 O-O 6. h3 Nc6 7. O-O Nh5 8. Bh2
e5 9. c3 f5 10. dxe5 dxe5 11. Qb3+ Kh8 12. Be2 Qe7 13. Nbd2 Na5 14. Qc2 c5 15.
Rad1 e4 16. Ne1 Be6 17. Qa4 b6 18. Nc2 Rac8 19. Nb3 Nxb3 20. axb3 Qf7 21. Bc4
Bxc4 22. Qxc4 Qxc4 23. bxc4 Rfd8 24. Bc7 Rxd1 25. Rxd1 Bf6 26. Rd7 g5 27. g4
fxg4 28. hxg4 Ng7 29. Na3 Ne6 30. Rf7 Bxc3 31. Nb5 Bxb2 32. Bg3 a6 33. Nd6 Ra8
34. Rb7 b5 35. cxb5 a5 36. Nxe4 a4 37. Rb6 a3 38. Ra6 Rxa6 39. bxa6 a2 0-1

[Event "Mercredi 2010.02.17 ABCD"]
[Site "Montreal CAN"]
[Date "2010.02.24"]
[Round "2"]
[White "Lange, David"]
[Black "Dumont, Felix"]
[Result "0-1"]
[WhiteElo "1979"]
[BlackElo "2007"]
[PlyCount "40"]
[EventDate "2010.02.17"]
[EventType "tourn"]
[EventRounds "5"]
[EventCountry "CAN"]

1. d4 Nf6 2. Nf3 g6 3. g3 Bg7 4. Bg2 O-O 5. O-O d6 6. Nbd2 Nbd7 7. e4 c5 8. c3
Rb8 9. Re1 b5 10. b3 b4 11. Bb2 a5 12. e5 Ne8 13. cxb4 axb4 14. dxc5 Nxc5 15.
Ne4 Nd7 16. Qd2 Bb7 17. Qxb4 dxe5 18. Rad1 Nd6 19. Nxd6 Bxf3 20. Nb7 Rxb7 0-1

[Event "Mercredi 2010.02.17 ABCD"]
[Site "Montreal CAN"]
[Date "2010.02.24"]
[Round "2"]
[White "Le Bas, Nicolas"]
[Black "Gauthier, Luc"]
[Result "0-1"]
[WhiteElo "1636"]
[BlackElo "1654"]
[PlyCount "122"]
[EventDate "2010.02.17"]
[EventType "tourn"]
[EventRounds "5"]
[EventCountry "CAN"]

1. e4 Nf6 2. e5 Nd5 3. c4 Nb6 4. d4 d6 5. f4 dxe5 6. fxe5 Nc6 7. Be3 Bf5 8. Nf3
e6 9. Nc3 Bg4 10. Be2 Bxf3 11. Bxf3 Nxc4 12. Bxc6+ bxc6 13. Qe2 Nxe3 14. Qxe3
Be7 15. O-O O-O 16. Qe4 Rb8 17. Rf2 Qd7 18. Rd1 Bb4 19. Rd3 Rbd8 20. Rc2 c5 21.
Ne2 Qd5 22. Qxd5 Rxd5 23. a3 Ba5 24. Rxc5 Rfd8 25. Rxd5 Rxd5 26. b4 Bb6 27. Kf2
c5 28. Rc3 cxd4 29. Rc8+ Rd8 30. Rxd8+ Bxd8 31. Kf3 d3 32. Nf4 d2 33. Ke2 Bc7
34. Nd3 f6 35. exf6 gxf6 36. h3 f5 37. Kxd2 e5 38. Ke3 Kf7 39. a4 Bb6+ 40. Nc5
Ke7 41. Kd3 a5 42. Na6 axb4 43. Nxb4 Kd6 44. Kc4 e4 45. Nd5 e3 46. Nf4 Ke5 47.
Ne2 Ke4 48. Nc3+ Kf4 49. Kd3 Ke5 50. Nd1 f4 51. Nb2 Kd5 52. Nd1 h5 53. Nc3+ Ke5
54. Ne2 Ba5 55. Nc3 Bxc3 56. Kxc3 Ke4 57. a5 f3 58. a6 e2 59. Kd2 fxg2 60. a7
e1=Q+ 61. Kxe1 g1=Q+ 0-1

[Event "Mercredi 2010.02.17 ABCD"]
[Site "Montreal CAN"]
[Date "2010.03.04"]
[Round "2"]
[White "Levkovsky, Alexandre"]
[Black "Leveille, Francois"]
[Result "1-0"]
[WhiteElo "2175"]
[BlackElo "2308"]
[PlyCount "73"]
[EventDate "2010.02.17"]
[EventType "tourn"]
[EventRounds "5"]
[EventCountry "CAN"]

1. e4 e5 2. Nf3 Nc6 3. Bb5 a6 4. Bxc6 dxc6 5. Nc3 Bd6 6. d4 f6 7. dxe5 fxe5 8.
Nxe5 Be6 9. Nd3 Qh4 10. e5 Bg4 11. Qd2 Be7 12. Qf4 Nh6 13. Qg3 Qh5 14. Bxh6
gxh6 15. h4 O-O-O 16. f3 Bf5 17. O-O-O c5 18. Qg7 Bxh4 19. g4 Qg5+ 20. Qxg5
Bxg5+ 21. f4 Rxd3 22. cxd3 Bxf4+ 23. Kc2 Bxg4 24. Rde1 h5 25. Rhf1 Bg3 26. Re3
h4 27. e6 Re8 28. e7 Bd6 29. Rf8 Bh5 30. Rxe8+ Bxe8 31. Nd5 c4 32. d4 h3 33.
Rxh3 c6 34. Rh6 Bb8 35. Nf6 Bf4 36. Nxe8 Kd7 37. Ng7 1-0

[Event "Mercredi 2010.02.17 ABCD"]
[Site "Montreal CAN"]
[Date "2010.02.24"]
[Round "2"]
[White "Millette, Sylvain"]
[Black "Dubois, Laurent"]
[Result "1/2-1/2"]
[WhiteElo "1605"]
[BlackElo "1517"]
[PlyCount "66"]
[EventDate "2010.02.17"]
[EventType "tourn"]
[EventRounds "5"]
[EventCountry "CAN"]

1. Nf3 e6 2. g3 d5 3. Bg2 Nf6 4. O-O c5 5. d4 Nc6 6. c4 Qb6 7. dxc5 Bxc5 8.
cxd5 Nxd5 9. e3 Bd7 10. a3 a5 11. b3 Qc7 12. Qc2 Nce7 13. e4 Bb6 14. Qxc7 Nxc7
15. Bb2 O-O 16. Nbd2 Bb5 17. Rfc1 Rfc8 18. Nc4 Bxc4 19. Rxc4 Ne8 20. Rac1 Rxc4
21. Rxc4 Nd6 22. Rc2 Nxe4 23. Bd4 Rc8 24. Rxc8+ Nxc8 25. Bxb6 Nxb6 26. Nd4 Nd6
27. Kf1 Nd7 28. b4 axb4 29. axb4 Kf8 30. Ke2 Ke7 31. f4 Nb8 32. Kd3 Kd7 33. Nb3
b6 1/2-1/2

[Event "Mercredi 2010.02.17 ABCD"]
[Site "Montreal CAN"]
[Date "2010.03.03"]
[Round "3"]
[White "Dumont, Felix"]
[Black "Levkovsky, Alexandre"]
[Result "0-1"]
[WhiteElo "2007"]
[BlackElo "2175"]
[PlyCount "104"]
[EventDate "2010.02.17"]
[EventType "tourn"]
[EventRounds "5"]
[EventCountry "CAN"]

1. c4 e5 2. Nc3 Nf6 3. g3 d5 4. cxd5 Nxd5 5. Bg2 Nxc3 6. bxc3 Bc5 7. Nf3 Nc6 8.
O-O O-O 9. d3 Qe7 10. Nd2 f5 11. Nb3 Bd6 12. c4 Nd4 13. e3 Nxb3 14. axb3 c6 15.
d4 e4 16. f3 exf3 17. Bxf3 Bd7 18. Re1 Bb4 19. Bd2 a5 20. c5 Be6 21. Bxb4 axb4
22. Qd3 Qf7 23. Qd2 Ra3 24. Rxa3 bxa3 25. Ra1 Ra8 26. Qb4 a2 27. Bd1 Bd5 28.
Qc3 Qe6 29. Bc2 Ra3 30. Kf2 Bxb3 31. Qb4 Bxc2 32. Qxa3 Bb3 33. Qa8+ Kf7 34.
Qxb7+ Kg6 35. h4 Bd5 36. Qb2 Qe4 37. Rg1 Qf3+ 38. Ke1 Qxe3+ 39. Kf1 Qb3 40.
Qxb3 a1=Q+ 41. Ke2 Qxg1 42. Qc3 Qg2+ 43. Ke1 Qf3 44. Qxf3 Bxf3 45. Kf2 Bd5 46.
Ke3 Kf6 47. Kf4 g6 48. g4 fxg4 49. Kxg4 h6 50. Kf4 g5+ 51. hxg5+ hxg5+ 52. Kg4
Kg6 0-1

[Event "Mercredi 2010.02.17 ABCD"]
[Site "Montreal CAN"]
[Date "2010.03.03"]
[Round "3"]
[White "Gauthier, Luc"]
[Black "Baran, Marius"]
[Result "1/2-1/2"]
[WhiteElo "1654"]
[BlackElo "1701"]
[PlyCount "95"]
[EventDate "2010.02.17"]
[EventType "tourn"]
[EventRounds "5"]
[EventCountry "CAN"]

1. e4 c5 2. Nc3 d6 3. f4 Nc6 4. Nf3 g6 5. Bb5 Bd7 6. Bxc6 Bxc6 7. d3 Bg7 8. O-O
e6 9. Qe1 Nf6 10. f5 Qe7 11. fxe6 fxe6 12. Bg5 h6 13. Bd2 O-O-O 14. e5 Nd7 15.
exd6 Qxd6 16. Ne4 Bxe4 17. Qxe4 Qd5 18. Qxd5 exd5 19. c3 Rde8 20. Rae1 Kd8 21.
Nh4 Rxe1 22. Rxe1 g5 23. Nf5 Bf8 24. Re6 Rh7 25. c4 d4 26. Ba5+ b6 27. Bd2 Be7
28. Rxh6 Rxh6 29. Nxh6 Ne5 30. Nf5 Bf6 31. b3 Nxd3 32. Nd6 g4 33. Ne4 Be7 34.
Nf2 Nxf2 35. Kxf2 Bd6 36. h4 gxh3 37. gxh3 Ke7 38. Kf3 Kf6 39. h4 Kf5 40. h5 a6
41. a4 Be7 42. h6 Kg6 43. Bf4 Bf8 44. Bc7 Bxh6 45. Bxb6 Bf8 46. Ke4 Kf6 47. Bc7
Ke6 48. Bf4 1/2-1/2

[Event "Mercredi 2010.02.17 ABCD"]
[Site "Montreal CAN"]
[Date "2010.03.03"]
[Round "3"]
[White "Keane-McCarney, Eamon"]
[Black "Le Bas, Nicolas"]
[Result "0-1"]
[WhiteElo "1638"]
[BlackElo "1636"]
[PlyCount "126"]
[EventDate "2010.02.17"]
[EventType "tourn"]
[EventRounds "5"]
[EventCountry "CAN"]

1. e4 e5 2. Nf3 Nc6 3. Bb5 a6 4. Ba4 b5 5. Bb3 Nf6 6. O-O Be7 7. Re1 d6 8. h3
Na5 9. d4 Nxb3 10. cxb3 exd4 11. Nxd4 Bb7 12. Nc3 O-O 13. Nf5 Re8 14. Nd5 Nxd5
15. exd5 Bf6 16. Rxe8+ Qxe8 17. a4 Qe4 18. Qg4 Bxd5 19. axb5 Qxg4 20. hxg4 axb5
21. Rxa8+ Bxa8 22. g5 Bd8 23. b4 Be4 24. Nd4 c6 25. f3 Bd5 26. Nf5 f6 27. gxf6
Bxf6 28. Nxd6 Kf8 29. f4 Ke7 30. Nf5+ Ke6 31. Ng3 Bc4 32. Kh2 Kd5 33. Nh5 Bd4
34. Ng3 Bd3 35. b3 Bc3 36. Ba3 g6 37. Kh3 Bf6 38. Kg4 h5+ 39. Kf3 Bc2 40. f5
gxf5 41. Nxh5 Be5 42. Nf4+ Kd6 43. g4 fxg4+ 44. Kxg4 Bxb3 45. Nd3 Bd4 46. Nc5
Bc2 47. Kf4 Kd5 48. Nb7 Bg6 49. Na5 Bb6 50. Nb3 Be8 51. Nd2 Kd4 52. Ne4 Bc7+
53. Kf5 Kc4 54. Nc5 Bg3 55. Na6 Kb3 56. Bc1 Be1 57. Nc7 Bf7 58. Kf6 Bc4 59. Ke7
Bxb4+ 60. Kd7 Bd5 61. Nxd5 cxd5 62. Kc6 Kc4 63. Be3 Bf8 0-1

[Event "Mercredi 2010.02.17 ABCD"]
[Site "Montreal CAN"]
[Date "2010.03.03"]
[Round "3"]
[White "Khudaverdian, Berj"]
[Black "Gates, Claude-Eric"]
[Result "0-1"]
[WhiteElo "1802"]
[BlackElo "1706"]
[PlyCount "70"]
[EventDate "2010.02.17"]
[EventType "tourn"]
[EventRounds "5"]
[EventCountry "CAN"]

1. e4 e5 2. Nc3 Nf6 3. Nf3 Bb4 4. d3 Nc6 5. Bd2 d5 6. exd5 Nxd5 7. Be2 O-O 8.
O-O Nxc3 9. bxc3 Bd6 10. Bg5 f6 11. Bh4 Be6 12. a4 Ne7 13. Re1 Nf5 14. Bg3 Nxg3
15. hxg3 f5 16. d4 e4 17. Bf1 Qf6 18. d5 Bf7 19. Nh2 Qxc3 20. Re3 Qe5 21. c4
Bc5 22. Re1 Qxg3 23. Qc2 Qh4 24. Rab1 Bd6 25. g3 Qg5 26. c5 Be5 27. Nf3 Qf6 28.
Nxe5 Qxe5 29. Rxb7 Bxd5 30. Rbb1 c6 31. Rb7 f4 32. Bc4 fxg3 33. Rxe4 gxf2+ 34.
Kf1 Qg5 35. Bxd5+ cxd5 0-1

[Event "Mercredi 2010.02.17 ABCD"]
[Site "Montreal CAN"]
[Date "2010.03.03"]
[Round "3"]
[White "Lange, Holger"]
[Black "Zroud, Hicham"]
[Result "1/2-1/2"]
[WhiteElo "1746"]
[BlackElo "1731"]
[PlyCount "49"]
[EventDate "2010.02.17"]
[EventType "tourn"]
[EventRounds "5"]
[EventCountry "CAN"]

1. e4 e5 2. Nf3 Nc6 3. d4 exd4 4. Bc4 Nf6 5. Ng5 d5 6. exd5 Na5 7. Bb5+ Bd7 8.
Bxd7+ Qxd7 9. Qxd4 Qxd5 10. Qe3+ Be7 11. O-O Nc6 12. Nc3 Qf5 13. Qe2 O-O 14.
Nf3 Rfe8 15. Qb5 Qc8 16. Bg5 a6 17. Qc4 Qf5 18. Rac1 h6 19. Bh4 Rad8 20. Bg3
Bd6 21. Nh4 Qg4 22. Qxg4 Nxg4 23. Bxd6 Rxd6 24. Nf3 Nf6 25. Rcd1 1/2-1/2

[Event "Mercredi 2010.02.17 ABCD"]
[Site "Montreal CAN"]
[Date "2010.03.03"]
[Round "3"]
[White "Lescarbeau, Martin"]
[Black "Millette, Sylvain"]
[Result "0-1"]
[WhiteElo "1507"]
[BlackElo "1605"]
[PlyCount "70"]
[EventDate "2010.02.17"]
[EventType "tourn"]
[EventRounds "5"]
[EventCountry "CAN"]

1. d4 Nf6 2. c4 g6 3. Nf3 Bg7 4. Nc3 d5 5. e3 O-O 6. Qb3 c6 7. cxd5 Nxd5 8. e4
Nxc3 9. bxc3 Qb6 10. Bc4 Qxb3 11. axb3 b5 12. Be2 c5 13. Bxb5 Rd8 14. Be3 a5
15. O-O cxd4 16. cxd4 Nd7 17. Ra3 Ba6 18. Bxa6 Rxa6 19. Rfa1 Rb8 20. Rxa5 Rxa5
21. Rxa5 Rxb3 22. g3 e6 23. Ra8+ Rb8 24. Ra7 Nf6 25. Bf4 Rd8 26. e5 Nd5 27. Bg5
Rc8 28. Nd2 h6 29. Be7 Nxe7 30. Rxe7 Rc1+ 31. Kg2 Rd1 32. Re8+ Bf8 33. Nb3 Kg7
34. Rd8 Rd3 35. Nc5 Bxc5 0-1

[Event "Mercredi 2010.02.17 ABCD"]
[Site "Montreal CAN"]
[Date "2010.03.03"]
[Round "3"]
[White "Leveille, Francois"]
[Black "Gagnon, Serge"]
[Result "1-0"]
[WhiteElo "2308"]
[BlackElo "1967"]
[PlyCount "47"]
[EventDate "2010.02.17"]
[EventType "tourn"]
[EventRounds "5"]
[EventCountry "CAN"]

1. d4 d6 2. Nf3 g6 3. c4 Bg7 4. Nc3 Bg4 5. e3 Nc6 6. Be2 e5 7. d5 Nce7 8. O-O
c5 9. Nxe5 Bxe2 10. Qa4+ Kf8 11. Nd7+ Ke8 12. Nxc5+ Kf8 13. Nd7+ Ke8 14. Nb6+
Kf8 15. Nxa8 Bxf1 16. Kxf1 Qxa8 17. e4 Bxc3 18. bxc3 Qc8 19. Ba3 Nf6 20. Bxd6
Nxe4 21. Bxe7+ Kxe7 22. Re1 Qf5 23. f3 Kf6 24. Rxe4 1-0

[Event "Mercredi 2010.02.17 ABCD"]
[Site "Montreal CAN"]
[Date "2010.03.03"]
[Round "3"]
[White "Messier, Samuel"]
[Black "Guindon, Alex"]
[Result "1/2-1/2"]
[WhiteElo "1587"]
[BlackElo "1485"]
[PlyCount "81"]
[EventDate "2010.02.17"]
[EventType "tourn"]
[EventRounds "5"]
[EventCountry "CAN"]

1. e4 e5 2. Nf3 Nf6 3. Nxe5 d6 4. Nf3 Nxe4 5. d4 d5 6. Bd3 Nc6 7. O-O Be7 8. c4
Nb4 9. Be2 O-O 10. Nc3 Nxc3 11. bxc3 Nc6 12. Bf4 dxc4 13. Bxc4 Bd6 14. Be3 Bg4
15. Be2 h6 16. c4 Qf6 17. c5 Bf4 18. Qd2 Bxf3 19. Bxf3 Bxe3 20. fxe3 Qe6 21. d5
Qd7 22. Qc3 Ne7 23. Rfd1 Rad8 24. e4 b6 25. d6 cxd6 26. cxd6 Ng6 27. Qc7 Ne5
28. Rd5 Nxf3+ 29. gxf3 Qxc7 30. dxc7 Rc8 31. Rc1 Rfe8 32. a4 Kf8 33. a5 f6 34.
axb6 axb6 35. Rd6 Re7 36. Rd8+ Re8 37. Rd6 Re7 38. Rd8+ Re8 39. Rd6 Re7 40.
Rdc6 b5 41. Rb6 1/2-1/2